000 01325nam a2200265Ia 4500
999 _c55382
_d55382
001 22460
003 GE_BSU
005 20211222114949.0
008 181216s2017||||ge |||||||||||||| ||geo||
020 _a9789941261114
040 _cGE_BSU
041 _ageo
080 _a31(075.8):338.48 ა-16
100 _aაბესაძე, ნინო
_92811
245 _aსტატისტიკა ტურიზმისათვის :
_b სახელმძღვანელო
_cნინო აბესაძე, რუსუდან ქინქლაძე, ქეთევან ჩიტალაძე ; რედაქტორი სიმონ გელაშვილი.
250 _a(მე-4 გადამუშავებული გამოცემა).
264 _aთბილისი :
_bუნივერსალი,
_c2017.
300 _a608 გვ.;
_b20 სმ.
653 _aსტატისტიკა
653 _aტურიზმის სტატისტიკა
700 _aქინქლაძე, რუსუდან
_eავტორი
_95755
700 _aჩიტალაძე, ქეთევან
_eავტორი
_95756
700 _aგელაშვილი, სიმონ
_eრედაქტორი
_95080
942 _cBK
_2udc